Transformaciones del marxismo : (Record no. 110153)
[ view plain ]
| 000 -LEADER | |
|---|---|
| campo de control de longitud fija | 01411nam a2200181 4500 |
| 001 - NÚMERO DE CONTROL | |
| campo de control | 1885 |
| 005 - FECHA Y HORA DE LA ÚLTIMA TRANSACCIÓN | |
| campo de control | 20230411085951.0 |
| 008 - DATOS DE LONGITUD FIJA--INFORMACIÓN GENERAL | |
| campo de control de longitud fija | 060907n2001 dr spa |
| 020 ## - NÚMERO INTERNACIONAL ESTÁNDAR DEL LIBRO | |
| Número Internacional Estándar del Libro | 9688569224 |
| 035 ## - NÚMERO DE CONTROL DEL SISTEMA | |
| -- | funglode1893 |
| 041 ## - CÓDIGO DE IDIOMA | |
| Código de lengua del texto/banda sonora o título independiente | ES |
| 100 ## - ENTRADA PRINCIPAL--NOMBRE DE PERSONA | |
| Nombre de persona | Fornet-Betancourt, Raúl |
| 245 1# - MENCIÓN DEL TÍTULO | |
| Título | Transformaciones del marxismo : |
| Resto del título | Historia del marxismo en América Latina / |
| Mención de responsabilidad, etc. | Raúl Fornet-Betancourt |
| 260 ## - PUBLICACIÓN, DISTRIBUCIÓN, ETC. | |
| Lugar de publicación, distribución, etc. | México : |
| Nombre del editor, distribuidor, etc. | Universidad Autónoma de Nuevo León; Plaza y Valdés Editores, |
| Fecha de publicación, distribución, etc. | 2001 |
| 300 ## - DESCRIPCIÓN FÍSICA | |
| Extensión | 417 p. |
| 520 ## - RESUMEN, ETC. | |
| Sumario, etc. | Etapa preparatoria o de confusa difusión del marxismo como programa socialista (1861-1883), 15. -- Etapa del inicial deslinde ideológico o la recepción del marxismo en el conflicto de los socialismos (1884-1917), 35. -- Etapa de la implantación ortodoxa o de la recepción del marxismo a través de los partidos comunistas latinoamericanos (1918/1919- 1929), 71. -- Etapa del intento de naturalizar el marxismo en América Latina o la significación de la obra de José Carlos Mariátegui (1928-1930), 123. -- Etapa de las primeras polémicas filosóficas sobre el marxismo o su incorporación al movimiento filosófico latinoamericano (1930-1940), 167. -- Etapa stalinista o época del estancamiento dogmático del marxismo (1941-1958), 225. -- Etapa de los nuevos intentos de naturalizar el marxismo en América Latina o fase actual (1959-1991), 267 |
| 942 ## - ELEMENTOS DE ENTRADA SECUNDARIOS (KOHA) | |
| Fuente del sistema de clasificación o colocación | Clasificación de Library of Congress |
| Tipo de ítem Koha | |
| Estatus retirado | Estado de pérdida | Fuente del sistema de clasificación o colocación | Estado de daño | No para préstamo | Colección | Biblioteca de origen | Biblioteca actual | Ubicación en estantería | Fecha de adquisición | Código de barras | Visto por última vez | Copia número | Tipo de ítem Koha |
|---|---|---|---|---|---|---|---|---|---|---|---|---|---|
| Clasificación de Library of Congress | Automatización y Procesos Técnicos | Biblioteca Juan Bosch | Biblioteca Juan Bosch | Automatización y Procesos Técnicos (1er. Piso) | 17/02/2019 | 00020021456 | 17/02/2019 | 1 |
